000 00430nam a2200181Ia 4500
005 20250423100322.0
008 250422s9999 xx 000 0 und d
020 _a0256028451
050 _aHF 5415 .153 .C73/
100 _aCrawford, Merle
245 0 _aNew products management
260 _aHomewood
260 _b R.D. Irwin
260 _c1983.
300 _a727 p
650 _aNew products --Management.
942 _cBK
999 _c32944
_d32944